Michael Cimino's Heaven's gate /

A lawman and a hitman are in love with the same woman. All three are caught up in a devastating class war, when ruthless ranchers decide to kill off the starving immigrants who have been stealing their cattle. The story is based on a real range war in the 1890s in Johnson County, Wyoming.

Bibliographic Details
Uniform Title:Heaven's gate (Motion picture)
Corporate Authors: United Artists Corporation, Partisan Productions, MGM Home Entertainment Inc
Other Authors: Cimino, Michael, Kristofferson, Kris, Walken, Christopher, 1943-, Hurt, John, 1940-2017, Waterston, Sam, Dourif, Brad, 1950-, Huppert, Isabelle, Cotten, Joseph, 1905-1994, Bridges, Jeff, 1949-
Format: Video DVD
Language:English
Language Notes:Closed-captioned. In English, with optional subtitles in French and Spanish.
Edition:Widescreen version.
Subjects:

MARC

Tag First Indicator Second Indicator Subfields
LEADER 00000cgm a2200000Ia 4500
001 in00002074321
005 20170429063036.0
007 vd cvaizq
008 980731s2000 cau219 e vleng d
020 |a 0792843584 
024 1 |a 027616837127 
028 4 3 |a 908371  |b MGM Home Entertainment 
035 |a (OCoLC)ocm44158074 
040 |a NUI  |c NUI  |d EMU  |d XFF  |d OCLCQ  |d TXA  |d UtOrBLW 
041 1 |a eng  |j fre  |j spa 
043 |a n-us-wy  |a n-usp-- 
049 |a TXAM 
082 0 4 |a 791.4372  |2 21 
090 |a PN1995.9.W4  |b H42 2000 
130 0 |a Heaven's gate (Motion picture) 
245 1 0 |a Michael Cimino's Heaven's gate /  |c United Artists ; Partisan Productions, Ltd. presents ; written by Michael Cimino ; produced by Joann Carelli ; directed by Michael Cimino. 
246 3 0 |a Heaven's gate 
246 1 |i Also known as:  |a Johnson County War 
250 |a Widescreen version. 
264 2 |a Santa Monica, CA :  |b Distributed by MGM Home Entertainment,  |c [2000] 
300 |a 1 videodisc (219 min.) :  |b sound, color ;  |c 4 3/4 in. +  |e 1 insert. 
336 |a two-dimensional moving image  |b tdi  |2 rdacontent 
337 |a video  |b v  |2 rdamedia 
338 |a videodisc  |b vd  |2 rdacarrier 
538 |a DVD; Dolby digital, 5.1 surround. 
546 |a Closed-captioned. In English, with optional subtitles in French and Spanish. 
511 1 |a Kris Kristofferson, Christopher Walken, John Hurt, Sam Waterston, Brad Dourif, Isabelle Huppert, Joseph Cotten, Jeff Bridges. 
508 |a Music by David Mansfield ; editor, Tom Rolf ... [et al.] ; director of photography, Vilmos Zsigmond. 
500 |a Originally released as a motion picture in 1980. 
521 8 |a MPAA rating: R. 
520 |a A lawman and a hitman are in love with the same woman. All three are caught up in a devastating class war, when ruthless ranchers decide to kill off the starving immigrants who have been stealing their cattle. The story is based on a real range war in the 1890s in Johnson County, Wyoming. 
500 |a Special feature: Original theatrical trailer. 
500 |a Videorecording. 
655 7 |a Western films.  |2 lcgft 
650 0 |a Johnson County War, 1892  |v Drama. 
651 0 |a Wyoming  |x History  |y 19th century  |v Drama. 
650 0 |a Man-woman relationships  |z Wyoming  |v Drama. 
650 0 |a Mercenary troops  |z Wyoming  |v Drama. 
650 0 |a Cattle stealing  |z Wyoming  |v Drama. 
650 0 |a Ranchers  |z Wyoming  |v Drama. 
650 0 |a Immigrants  |z Wyoming  |v Drama. 
650 0 |a Social conflict  |z Wyoming  |v Drama. 
651 0 |a West (U.S.)  |x History  |v Drama. 
655 7 |a Video recordings for the hearing impaired.  |2 lcgft 
655 0 |a Motion pictures, American. 
655 7 |a Feature films.  |2 lcgft 
700 1 |a Cimino, Michael. 
700 1 |a Kristofferson, Kris. 
700 1 |a Walken, Christopher,  |d 1943- 
700 1 |a Hurt, John,  |d 1940-2017. 
700 1 |a Waterston, Sam. 
700 1 |a Dourif, Brad,  |d 1950- 
700 1 |a Huppert, Isabelle. 
700 1 |a Cotten, Joseph,  |d 1905-1994. 
700 1 |a Bridges, Jeff,  |d 1949- 
710 2 |a United Artists Corporation. 
710 2 |a Partisan Productions. 
710 2 |a MGM Home Entertainment Inc. 
948 |a cataloged  |b h  |c 2006/3/7  |d c  |e mphillip  |f 2:09:30 pm 
994 |a C0  |b TXA 
999 |a MARS 
999 f f |s df8c9ec6-b0a7-3c55-b6ee-d87b26574027  |i c85e8660-8b60-39c0-9178-dd3b06db5a92  |t 0 
952 f f |p dvd  |a Texas A&M University  |b College Station  |c Sterling C. Evans Library  |d Evans: Media and Reserves (Annex 1st floor)  |t 0  |e PN1995.9.W4 H42 2000  |h Library of Congress classification  |i video -- videodisc  |m A14833529022 
998 f f |a PN1995.9.W4 H42 2000  |t 0  |l Evans: Media and Reserves (Annex 1st floor)